Introducción a uma ciencia pósmoderna /
Guardado en:
| Hovedforfatter: | |
|---|---|
| Format: | Ukendt |
| Sprog: | Portuguese |
| Udgivet: |
Brazil:
Graal,
1989
|
| Fag: | |
| Tags: |
Tilføj Tag
Ingen Tags, Vær først til at tagge denne postø!
|
MARC
| LEADER | 000000000a22000000004500 | ||
|---|---|---|---|
| 001 | 001044 | ||
| 008 | 170622s1989 bl ||||| |||| 00| 0 por d | ||
| 041 | 0 | |a Portuguez | |
| 082 | |a 300.1 |b S237-i | ||
| 100 | 1 | |a Santos, Boaventura de Sousa | |
| 245 | 1 | 0 | |a Introducción a uma ciencia pósmoderna / |c Boaventura de Sousa Santos |
| 260 | |a Brazil: |b Graal, |c 1989 | ||
| 300 | |a 176 páginas | ||
| 500 | |a Número de inscripción 10209 (Colección George Yúdice) | ||
| 650 | 4 | |a CIENCIAS SOCIALES | |
| 650 | 4 | |a HERMENEUTICA | |
| 942 | |2 ddc |c BK | ||
| 999 | |c 2170 |d 2170 | ||
